01243nam a22002057a 45000010005000000030006000050050017000110080041000280200018000690400029000870500017001160820012001331000020001452450070001652600034002353000044002695200666003136500023009797000035010024939FISKH20241025150034.0241025b cb ||||| |||| 00| 0 eng d a9780330432924 aFISKHbengcFISKHdFISKH aPR6056.I4588 a823.914 aFielding, Helen aOlivia Joules and the Overactive Imagination /cby Helen Fielding aNew York :bPicador ;c2003 . a343 pages : billustrations ;c19 cm .  aShe's a dazzling independent beauty journalist turned secret agent, and she's got her priorities right on the money: pack the hairdryer first, the nerve agent dispenser later. Her name is Olivia Joules ("as in the unit of kinetic energy") and she's ready to take America by storm with charm, style, and her infamous Overactive Imagination. Could her arch-enemy truly be Pierre Ferramo, he of the hooded eyes, impeccable taste, unimaginable wealth, exotic international homes, and dubious French accent? Could he be a terrorist bent on the destruction of the Western world, or is it just Olivia's imagination investing a naughty playboy with deadly significance? achick litvfiction aBrownfield, Mickeillustrator